<?xml version="1.0" encoding="UTF-8"?>
<record
    xmlns:xsi="http://www.w3.org/2001/XMLSchema-instance"
    xsi:schemaLocation="http://www.loc.gov/MARC21/slim http://www.loc.gov/standards/marcxml/schema/MARC21slim.xsd"
    xmlns="http://www.loc.gov/MARC21/slim">

  <leader>03030nam a22002897a 4500</leader>
  <controlfield tag="003">OSt</controlfield>
  <controlfield tag="005">20251021115017.0</controlfield>
  <controlfield tag="007">cr ||||||a|c|a</controlfield>
  <controlfield tag="008">230508s2019    |||a|||fom||| 001 0 spa d</controlfield>
  <datafield tag="040" ind1=" " ind2=" ">
    <subfield code="e">rda</subfield>
  </datafield>
  <datafield tag="100" ind1="1" ind2=" ">
    <subfield code="9">186928</subfield>
    <subfield code="a">Useche Carrillo, Nora Virginia</subfield>
  </datafield>
  <datafield tag="245" ind1="1" ind2=" ">
    <subfield code="a">Caracter&#xED;sticas morfo-anat&#xF3;micas y fisiol&#xF3;gicas de pl&#xE1;ntulas segregantes de aguacate "Col&#xED;n V-33" /</subfield>
    <subfield code="c">Nora Virginia Useche Carrillo; director de tesis Barrientos Priego Alejandro F.</subfield>
  </datafield>
  <datafield tag="264" ind1=" " ind2="1">
    <subfield code="a">Chapingo, M&#xE9;xico :</subfield>
    <subfield code="b">El autor,</subfield>
    <subfield code="c">2019</subfield>
  </datafield>
  <datafield tag="300" ind1=" " ind2=" ">
    <subfield code="a">1 recurso en l&#xED;nea (89 p&#xE1;ginas):</subfield>
    <subfield code="b">cuadros, figuras y fotos.</subfield>
  </datafield>
  <datafield tag="336" ind1=" " ind2=" ">
    <subfield code="2">rdacontent</subfield>
    <subfield code="a">texto</subfield>
    <subfield code="b">txt</subfield>
  </datafield>
  <datafield tag="337" ind1=" " ind2=" ">
    <subfield code="2">rdamedia</subfield>
    <subfield code="a">computadora</subfield>
    <subfield code="b">c</subfield>
  </datafield>
  <datafield tag="338" ind1=" " ind2=" ">
    <subfield code="2">rdacarrier</subfield>
    <subfield code="a">recurso en l&#xED;nea</subfield>
    <subfield code="b">cr</subfield>
  </datafield>
  <datafield tag="502" ind1=" " ind2=" ">
    <subfield code="b">DCH</subfield>
    <subfield code="c">Fitotecnia</subfield>
    <subfield code="d">2019</subfield>
    <subfield code="g">DOC</subfield>
  </datafield>
  <datafield tag="504" ind1=" " ind2=" ">
    <subfield code="a">Incluye referencias bibliogr&#xE1;ficas: p&#xE1;ginas</subfield>
  </datafield>
  <datafield tag="520" ind1=" " ind2=" ">
    <subfield code="a">Los portainjertos enanizantes son muy ventajosos para la producci&#xF3;n comercial de &#xE1;rboles frutales. En aguacate, existen pocos estudios relacionados con aspectos anat&#xF3;micos y fisiol&#xF3;gicos en hoja y tallo de los portainjertos, los cuales son &#xFA;tiles para entender su futuro comportamiento al ser injertados. La presente investigaci&#xF3;n tuvo la finalidad de evaluar caracter&#xED;sticas morfo-anat&#xF3;micas y fisiol&#xF3;gicas de hoja y tallo en segregantes de &#x2017;Col&#xED;n V-33&#x2018; que se relacionen con el enanismo y as&#xED; identificar genotipos y par&#xE1;metros de selecci&#xF3;n temprana en un programa de mejoramiento de portainjertos. El estudio se realiz&#xF3; en dos etapas: 1) Identificaci&#xF3;n de caracter&#xED;sticas anat&#xF3;micas y fisiol&#xF3;gicas relacionadas con los estomas que permitan seleccionar individuos contrastantes a nivel de pl&#xE1;ntula, se evaluaron variables de intercambio gaseoso y estomas en la hoja n&#xFA;mero once de cada planta. 2) Muestreo de tallo por planta para la realizaci&#xF3;n de cortes histol&#xF3;gicos y describir la estructura anat&#xF3;mica del tallo, con la finalidad de identificar genotipos y par&#xE1;metros de selecci&#xF3;n temprana. Los resultados mostraron que las hojas son del tipo hipoestom&#xE1;ticas y estomas anomoc&#xED;ticos. Existi&#xF3; correlaci&#xF3;n positiva altamente significativa entre las variables fisiol&#xF3;gicas conductancia estom&#xE1;tica y transpiraci&#xF3;n (r = 0.96***), mientras que para la tasa de asimilaci&#xF3;n de CO2 y la concentraci&#xF3;n interna de CO2 existi&#xF3; una correlaci&#xF3;n negativa altamente significativa (r = -0.64***). Las caracter&#xED;sticas anat&#xF3;micas de tallo mostraron estar altamente relacionadas con el comportamiento del porte de plantas. Asociar genotipos con variables fisiol&#xF3;gicas y anat&#xF3;micas de hoja y tallo puede tener gran valor para la selecci&#xF3;n de portainjertos en una etapa temprana de desarrollo.</subfield>
  </datafield>
  <datafield tag="650" ind1=" " ind2="4">
    <subfield code="9">2527</subfield>
    <subfield code="a">Aguacate</subfield>
    <subfield code="x">Injertos</subfield>
  </datafield>
  <datafield tag="650" ind1=" " ind2="4">
    <subfield code="9">133128</subfield>
    <subfield code="a">Aguacate</subfield>
    <subfield code="x">Crecimiento</subfield>
  </datafield>
  <datafield tag="650" ind1=" " ind2="4">
    <subfield code="9">2516</subfield>
    <subfield code="a">Aguacate</subfield>
    <subfield code="x">Fisiolog&#xED;a y morfolog&#xED;a</subfield>
  </datafield>
  <datafield tag="700" ind1="1" ind2=" ">
    <subfield code="9">10489</subfield>
    <subfield code="a">Barrientos Priego, Alejandro F.</subfield>
    <subfield code="e">director.</subfield>
  </datafield>
  <datafield tag="856" ind1=" " ind2=" ">
    <subfield code="u">http://10.13.5.2/tesis/td/Useche_Carrillo_Nora_Virginia.pdf</subfield>
    <subfield code="z">DESCARGAR PDF</subfield>
  </datafield>
  <datafield tag="942" ind1=" " ind2=" ">
    <subfield code="2">Clasificaci&#xF3;n Universidad Aut&#xF3;noma Chapingo</subfield>
    <subfield code="c">TD</subfield>
  </datafield>
  <datafield tag="999" ind1=" " ind2=" ">
    <subfield code="c">218693</subfield>
    <subfield code="d">218693</subfield>
  </datafield>
  <datafield tag="952" ind1=" " ind2=" ">
    <subfield code="0">0</subfield>
    <subfield code="1">0</subfield>
    <subfield code="2">local</subfield>
    <subfield code="4">0</subfield>
    <subfield code="5">1</subfield>
    <subfield code="7">0</subfield>
    <subfield code="8">TesdigD</subfield>
    <subfield code="a">BC</subfield>
    <subfield code="b">BC</subfield>
    <subfield code="c">E_L</subfield>
    <subfield code="d">2023-05-08</subfield>
    <subfield code="l">0</subfield>
    <subfield code="o">Tesis digital</subfield>
    <subfield code="r">2023-05-08 00:00:00</subfield>
    <subfield code="w">2023-05-08</subfield>
    <subfield code="y">TD</subfield>
  </datafield>
</record>
